| 000 | 00761nam a2200229Ia 4500 | ||
|---|---|---|---|
| 003 | GCL | ||
| 008 | 140319s9999 xx 000 0 ara d | ||
| 040 |
_aGCL / _cGCL |
||
| 082 | 0 | 4 |
_a920 _bأ ع |
| 100 | 1 | _aحسين فوزى النجار | |
| 245 | 1 | 0 |
_aعلى مبارك ابوالتعليم / _cحسين فوزى النجار |
| 260 |
_a[S.N] : _bالهيئة المصرية العامة للكتاب ، _c1987 |
||
| 300 |
_a199 ص ؛ _c122 سم |
||
| 490 |
_aاعلام العرب _v0 |
||
| 650 | 0 | 4 | _aمصر |
| 650 | 0 | 4 | _aالتعليم |
| 650 | 0 | 4 | _aالمدارس |
| 650 | 0 | 4 | _aالخديوى توفيق (1879 - 1892) |
| 650 | 0 | 4 | _aدار الكتب والوثائق المصرية |
| 650 | 0 | 4 | _aالخديوى اسماعيل |
| 942 |
_2ddc _cBK |
||
| 999 |
_c28243 _d28243 |
||